| 000 | 00806nam a2200289 c 4500 | ||
|---|---|---|---|
| 999 |
_c61389 _d61389 |
||
| 003 | BLK | ||
| 005 | 20220701130051.0 | ||
| 008 | 180408b bul|||||r ||||||| ||bul|| | ||
| 010 | _aKNG00065591000 | ||
| 040 | _aBLK | ||
| 041 |
_aDEU _cDEU |
||
| 080 |
_aОбщ отдел _b0 _x(035) _z0(035) |
||
| 139 |
_aModerne Bibliothek des Wissens _bM 78 |
||
| 245 | 1 | 0 |
_aModerne Bibliothek des Wissens _bIn 4 Bd. _nBd. 2 _pDer Mensch |
| 257 | _aDEU | ||
| 260 |
_aGutersloh _bBertelsmann _c1968 |
||
| 300 | _c20 см | ||
| 380 | _a0 | ||
| 650 | 4 |
_aЧовек _9177668 |
|
| 653 | _aчовек | ||
| 760 | 1 |
_h672 с., 20 см _tBd. 2 Der Mensch |
|
| 852 |
_aЦб 56848 _bО |
||
| 856 | 4 | _qpdf | |
| 856 | 4 | _qpdf | |
| 942 |
_cKNG _n0 _s1 |
||
| 944 |
_aCR _c13.06.2004 _kКети_Илиева |
||
| 944 |
_aED _c13.10.2015 _kКамелия_Данева |
||
| 944 |
_aED _c2022-07-01 _kХристина Везирева |
||
| 999 | _d61389 | ||
| 999 | _d61389 | ||
| 999 | _d61389 | ||